[Event "Moscow Tal Memorial 1st"]
[Site "Moscow"]
[Date "2006.11.06"]
[Round "1"]
[White "Ponomariov, Ruslan"]
[Black "Grischuk, Alexander"]
[Result "1-0"]
[WhiteElo "2703"]
[BlackElo "2710"]
[Annotator "Rogozenco,D"]
[PlyCount "95"]
[EventDate "2006.11.06"]
[EventType "tourn"]
[EventRounds "9"]
[EventCountry "RUS"]
[EventCategory "20"]
[SourceTitle "CBM 116"]
[Source "ChessBase"]
[SourceDate "2007.02.01"]
[SourceVersion "1"]
[SourceVersionDate "2007.02.01"]
[SourceQuality "1"]

1. d4 d5 2. c4 c6 3. Nc3 Nf6 4. e3 a6 5. Nf3 b5 6. c5 {The most interesting
and at the same time rather difficult part about this strategically very
complex system against the Chebanenko Slav is that lots of different pawn
structures may arise. Black has basically one positional idea in mind - the
central advance ...e7-e5, while White can combine play in the center (e3-e4)
with activity on the queenside (a2-a4). Nevertheless many other, less usual
pawn formations are possible, like in the present game.} (6. b3 Bg4 7. h3 Bxf3
8. gxf3 {(a new approach by the time when this game was played)} e6 9. c5 Nbd7
10. f4 g6 11. Bd3 Nh5 12. Bb2 a5 13. Qc2 Bg7 14. O-O-O Bf6 15. Ne2 Qc7 16. Kb1
Ng7 17. Ng1 Nf5 18. Nf3 Be7 19. Ne5 a4 20. b4 Nxe5 21. dxe5 O-O-O 22. Qe2 (22.
e4 $1 $16) 22... Qb7 23. Rd2 Rhe8 24. Rhd1 Bf8 25. Bc2 Ne7 26. f3 h5 27. a3 Bh6
28. Bc3 Rd7 29. Rd3 Red8 30. Qh2 Nf5 31. Bb2 Qc7 32. Qd2 Ne7 33. Bc1 Nf5 34.
Qf2 d4 35. exd4 Rd5 36. Kb2 Qe7 37. Bb1 Qh4 38. Qxh4 Nxh4 39. Kc3 {1/2-1/2
Sakaev,K (2555)-Rublevsky,S (2515)/St Petersburg 1993}) 6... g6 (6... Bg4 7. h3
Bxf3 8. Qxf3 (8. gxf3 e5 9. dxe5 Nfd7 10. f4 Nxc5 $13) 8... Nbd7 $14 {[%cal
Ge7e5]}) 7. Bd3 Bg4 {If Black wanted to place the bishop on g4, then it made
sense to do it on the previous move, since after the bishop sortie to g4
Black's priority is to develop the queen's knight on d7 with the intention of
a quick ...e5, rather than playing ...g6 and ...Bg7. See 6...Bg4.} (7... Bg7 8.
h3 $14) 8. h3 Bxf3 9. gxf3 $146 {Formally speaking this is a novelty (it
wasn't played in this particular position before). On the other hand nowadays
taking with the pawn on f3 became a usual method for White in many similar
positions. The idea to double pawns in the Chebanenko Slav was used for the
first time by Sakaev against Rublevsky (see above). It didn't attract much
attention until years later, when White players realized that doubling pawns
by recapturing g2xf3 can offer multiple benefits.} (9. Qxf3 {is not a bad move
either. White keeps an edge, although Black's play is easier here.} Bg7 (9...
Nbd7 $142 {[%cal Ge7e5]} 10. e4 $14) 10. Qe2 $1 O-O 11. Bd2 Nbd7 12. f4 Ne8 13.
g4 e6 14. g5 f6 15. h4 $16 {1-0 Galicek,S-Jirka,J (1885)/Plzen 1995 (36)}) 9...
Nbd7 ({If Black had sensed the danger, he would have gone for} 9... e5 10. dxe5
Nfd7 11. f4 Nxc5 {and although White should be better here too, Black keeps
considerably more possibilities than in the game.}) 10. f4 {Without his making
obvious mistakes, Black's position has become quite unpleasant. He has no
counterplay, while White has several plans to attack his opponent's pawn
structure (first of all a2-a4 and f4-f5). Besides, White has the bishop pair
and a space advantage, so in reality Black's situation can easily turn out to
be more difficult than it appears now. In order to defend such a position one
should play very accurately with Black. First of all it would be good to avoid
creating weaknesses, secondly Black should usually prevent the opening of the
position (or rather be well prepared for that).} a5 ({Black could defend
against f4-f5 by means of} 10... e6 {when we reach a position that has been
met in practice by another move order. White is slightly better, but with a
patient defence Black has good chances to reach the draw.} 11. Bd2 (11. b4 a5 (
11... Bg7 12. a4 O-O $14) 12. bxa5 Qxa5 13. Bd2 $14) (11. b3 {I show this
somewhat illogical-looking move in order to help understand by a simple
comparison that in such a structure White's prospects are always slightly
preferable. Now we have the position from the mentioned game Sakaev-Rublevsky
after the move 11.Bd3 (see 6.b3 above), where White kept an edge for the
entire game and at one point could achieve a clear advantage. Of course here
White can try to find more useful moves than 11.b3...}) 11... Bg7 (11... a5 12.
Qc2 $14 {[%cal Ge1c1,Gc3e2,Ge2g1,Gg1f3]}) 12. b4 Ng8 $1 {The knight goes to f5,
just like in the Sakaev-Rublevsky game.} 13. a4 Ne7 14. Ne2 Nf5 15. Nc1 O-O 16.
Nb3 Qh4 17. Qf3 Qe7 18. Kd1 Nf6 19. Rg1 Nh4 20. Qe2 Qd7 21. Kc2 Rfb8 22. Ra3
Ne8 $1 {Another important defensive maneuver: the knight goes to c7.} 23. Rga1
Nc7 24. axb5 axb5 25. Qd1 Nf5 26. Rxa8 Rxa8 27. Rxa8+ Nxa8 28. Qa1 Qb7 29. Qa5
Bf6 30. f3 Kf8 31. Qa1 Nc7 32. e4 Nh4 33. Be2 Ke8 34. Kd3 Kd7 35. Be1 Qa8 36.
Na5 Na6 37. Qa3 Bd8 38. Nb3 Ng2 39. Bd2 Bc7 40. e5 Nh4 41. Kc3 Nf5 42. Bd3 Bd8
43. Nc1 {1/2-1/2 Piket,J (2605)-Bosch,J (2370)/Netherlands 1994. Although it
is clear that only White tried to win in this game, most likely this is the
right way for Black to handle such positions: to forget about any ambitious
plans and instead accurately neutralize White's pressure.  By allowing f4-f5
possibly Grischuk simply wanted to avoid passivity.}) 11. f5 gxf5 {A
questionable decision, leaving Black with an inferior pawn structure.} (11...
Bh6 12. Qf3 e5 13. fxe6 fxe6 14. Qg3 $14) (11... e5 12. fxe6 fxe6 13. f4 $14)
12. Bxf5 e6 13. Bc2 e5 14. Qf3 Bh6 {Soon it will become clear that Black had
to start with 14...Qe7.} (14... e4 15. Nxe4 $5 (15. Qf5 $14 {[%cal Gf2f3]})
15... dxe4 16. Bxe4 {and after taking the third pawn for the piece White will
have an obvious pressure.}) (14... Qe7 $142 15. Ne2 Bh6 16. Bd2 $14 {[%csl Rf5]
[%cal Ge1c1]}) 15. Bd2 exd4 $6 {Black is worse, but this leads to a
strategically lost position.} (15... Qe7 16. O-O-O O-O (16... O-O-O $16) 17.
Qg3+ Kh8 18. Qh4 Ng8 19. Qh5 $14 {/+/-}) 16. exd4 Qe7+ (16... Bxd2+ 17. Kxd2
Nf8 18. Rae1+ Ne6 19. Rhg1 Qe7 20. Bf5 $16 O-O-O $140 21. Rg7 $18) 17. Be3 $1 {
Very strong, underlining the drawbacks of opponent's play.} Bxe3 ({Too late
for regrouping the pieces:} 17... Nf8 18. O-O-O Bg7 19. Rhg1 Ne6 20. Rxg7 Nxg7
21. Bg5 Ngh5 22. Rd2 $18) 18. fxe3 {Adding another plus in White's position:
the open f-file.} O-O 19. O-O-O $16 {Now it becomes obvious that with his last
moves Black ruined the position. White's only weakness on e3 is easy to defend,
while Black is left with a lot of weaknesses. Besides, White still has space
advantage and a very strong bishop on c2.} Rae8 20. Rhg1+ Kh8 21. Rg3 b4 22.
Ne2 Ne4 (22... Rg8 23. Rdg1 Rxg3 24. Rxg3 $16) 23. Bxe4 Qxe4 24. Qxe4 Rxe4 {
[%mdl 4096]} 25. Rf1 Re7 26. Kc2 {[%csl Ra5][%cal Gc2b3,Gb3a4] On top of all
in endgame Black is suddenly confronted with the weak pawn on a5.} Rg8 27.
Rxg8+ Kxg8 28. Rf3 a4 {Otherwise White comes with the king on a4, but now
follows} 29. a3 $1 {gaining square c3 for the pieces and it turns out that on
a4 the pawn is also very weak.} bxa3 (29... b3+ 30. Kc3 Re8 31. Kb4 Ra8 32. Nc3
$18) 30. bxa3 Kg7 31. Ng3 {The a4-pawn won't run away.} ({Possible is also the
materialistic} 31. Nc3 Nf6 32. Nxa4 Ra7 33. Kb3 Rb7+ 34. Ka2 (34. Nb6 Nd7 $16)
34... Ne4 35. Nb6 $18) 31... Kf8 (31... Kg6 32. Nf5 Re6 33. Nd6 Nf6 34. Kc3
Ne4+ 35. Nxe4 Rxe4 36. Kb4 f5 37. Kxa4 f4 38. Rxf4 Rxe3 39. Ka5 $1 $18 {
[%csl Rc6]}) 32. Nf5 Re6 33. Kc3 Nf6 34. Nd6 Ne4+ 35. Nxe4 Rxe4 36. Kb4 $18 {
Technical play. Ponomariov doesn't mind any simplifications, as he easily wins
the resulting rook endgame with an extra pawn.} Ke7 37. Kxa4 f5 38. Ka5 f4 39.
exf4 (39. Rxf4 Rxe3 40. Rh4 {is another win}) 39... Rxd4 40. f5 Rc4 41. Kb6 d4
42. Rf4 Ra4 43. f6+ Kf7 44. h4 Rxa3 45. Rxd4 Kxf6 46. Kxc6 h5 47. Kd6 Ra8 48.
Rf4+ 1-0

[Event "Moscow Tal Memorial 1st"]
[Site "Moscow"]
[Date "2006.11.12"]
[Round "6"]
[White "Svidler, Peter"]
[Black "Grischuk, Alexander"]
[Result "0-1"]
[WhiteElo "2750"]
[BlackElo "2710"]
[Annotator "Ftacnik,L"]
[PlyCount "76"]
[EventDate "2006.11.06"]
[EventType "tourn"]
[EventRounds "9"]
[EventCountry "RUS"]
[EventCategory "20"]
[SourceTitle "CBM 116"]
[Source "ChessBase"]
[SourceDate "2007.02.01"]
[SourceVersion "1"]
[SourceVersionDate "2007.02.01"]
[SourceQuality "1"]

1. e4 c5 2. Nf3 d6 3. d4 cxd4 4. Nxd4 Nf6 5. Nc3 a6 6. Be3 Ng4 7. Bc1 Nf6 8. f3
Qb6 9. g4 {It is important to compare the game with the line featuring the
early Nb3 and Bf4.} (9. Nb3 e6 10. Bf4 Nbd7 (10... Qc7 11. Qd2 Nc6 12. O-O-O
Ne5 13. Kb1 (13. Nd4 Be7 14. g4 O-O 15. h4 b5 16. h5 b4 17. Nb1 Nexg4 18. Bg3
Qc5 19. h6 g6 20. Nb3 Qe3 $11 {1/2 Anand,V-Grischuk,A/Mainz 2005/ (26)}) 13...
Be7 14. Nd4 O-O 15. g4 b5 16. Qg2 b4 17. Nce2 Bb7 18. g5 Nfd7 19. h4 Qb6 20.
Bc1 Nc5 21. h5 {1-0 Anand,V (2788)-Grischuk,A (2720)/Mainz 2005/ (38)}) 11. g4
Be7 12. Qe2 h6 13. h4 Qc7 14. O-O-O b5 15. a3 Rb8 16. Qg2 Nc5 17. g5 Nh5 18.
Be3 Na4 19. Rd3 g6 20. Kb1 $14 {1-0 Anand,V (2786)-Ponomariov,R (2700)/Wijk
aan Zee 2005/ (64)}) 9... Nc6 10. Nb3 e6 11. Bf4 {Svidler was probably trying
to improve on the Adams continuation, but in his version the idea was not
doing well.} (11. Qe2 Qc7 12. Be3 b5 13. O-O-O Nd7 14. Qf2 Rb8 (14... Be7 15.
g5 Nce5 16. a3 Rb8 17. Rg1 Nb6 $6 18. f4 Nec4 19. Bxc4 $1 Nxc4 20. Bd4 O-O $2
21. Bf6 $1 $40 {Grischuk - Ponomariov, Wijk aan Zee 2005}) 15. f4 Na5 16. Ba7
Ra8 17. Bd4 Bb7 18. Nxa5 Qxa5 19. Kb1 $1 Rc8 (19... b4 20. Ne2 Bxe4 21. Bg2
Bxg2 22. Qxg2 $44) 20. Bg2 b4 21. Ne2 Nf6 22. Bxf6 gxf6 23. Ng3 $14 {Grischuk
- Kasparov/Moscow/2004/}) 11... Qc7 12. Qd2 Ne5 13. Be2 {The first palpable
problem is a loss of a tempo, white has to defend the sensitive point f3.} Be7
14. Bg3 $6 {The retreat of the bishop will turn out to be an unfortunate move.
White does not exactly need to move the f pawn.} (14. O-O-O b5 15. g5 Nfd7 16.
Qd4 O-O 17. h4 $13) 14... b5 15. g5 (15. O-O-O O-O 16. g5 Nfd7 17. Qd4 $13)
15... Nfd7 16. h4 (16. f4 Nc4 17. Qd4 O-O 18. O-O-O Bb7 $11) 16... Nb6 (16...
b4 17. Nd1 d5 18. exd5 Nxf3+ 19. Bxf3 Qxg3+ 20. Qf2 Qxf2+ 21. Kxf2 Ne5 $11) 17.
Qd4 {The centralized queen is preventing the advance b5-b4, but she is too
strong a piece to fulfill this function for any period of time.} O-O 18. O-O-O
Rd8 $1 {The fine move is defending the d6 pawn and frees the hands for the
knight e5.} (18... Nec4 19. Nd2 e5 20. Qd3 $13) 19. a3 (19. Kb1 Nc6 20. Qg1 $8
b4 21. Bf2 Rb8 22. Bxb6 Qxb6 23. Qxb6 Rxb6 24. Na4 Rb8 25. c4 $15) 19... Nec4
20. Bxc4 (20. g6 fxg6 (20... hxg6 21. Bxc4 Nxc4 22. h5 Bf6 23. Qd3 $15) 21. h5
Bf6 22. Qd3 Nxb2 $1 23. Kxb2 Qxc3+ 24. Qxc3 Na4+) 20... bxc4 $1 {Grischuk has
decided to agressively attack along the semiopen b file. The unfortunate white
manouvers have offered him excellent chances for this concept.} (20... Nxc4 21.
Nd2 $13) 21. Nd2 e5 $1 22. Qe3 (22. Qg1 Rb8 23. Bf2 (23. Nf1 Qb7 24. Ne3 Bd7)
23... d5 $1 24. Bxb6 Rxb6 25. Nxd5 $6 (25. exd5 Bf5 $36 26. Nde4 Bxe4 27. fxe4
Rdb8 28. Na4 Rxb2 29. Nxb2 c3 $15) 25... Rxd5 $1 26. exd5 c3 27. Nb3 Bf5 28.
Rh2 a5 $15) 22... Be6 23. Kb1 (23. h5 Rab8 24. g6 Qb7 25. gxh7+ Kh8 26. Rdg1
Nd7 27. Nd1 Nc5 (27... c3 $1 28. Qxc3 $8 Rdc8 29. Qe3 Nc5 30. h6 $13) 28. f4
$13) 23... Rab8 24. Ka1 Qc6 $1 (24... f5 $5 25. gxf6 Bxf6) 25. Rb1 $2 {Most
likely Svidler could have put up tougher resistance with the move 25.Ndb1, but
he would still have grappled with problems.} (25. Ndb1 Rd7 (25... Na4 26. Nxa4
Qxa4 27. Qc1) 26. Rh2 Rdb7 $40) 25... Na4 26. Rhd1 Rd7 $1 {An excellent move
of many connotations. Black is preparing the doubling of the rooks along the b
file, but at the same time opens the scope for the bishop manouver Bd8-b6.} 27.
f4 exf4 28. Bxf4 Rdb7 (28... Bd8 29. Nf3 Nxc3 30. Qxc3 Bb6 31. h5 $13) 29. Nxa4
Qxa4 30. Qc3 (30. h5 c3 31. Qxc3 Rc8 32. Qd3 Rxc2 $17) 30... g6 $1 (30... Bd8
31. Bxd6 Ba5 32. Qd4 $11) 31. h5 {Very interesting was a shadow dance of dark
squared bishops. After 31.Be3 Bd8! the aggressor would get to the diagonal
a3-c5 on time.} (31. Be3 Bd8 $1 (31... d5 32. exd5 Bb4 33. Qxc4) (31... Rb5 32.
Bd4 Ra5 33. Bh8 Bf8 34. Rf1 $13) 32. Bf4 Ba5 33. Qd4 Bb6 34. Qc3 (34. Qxd6 Bc7
$19) 34... Bc5 $19) (31. Nf3 Rb3 $1 32. cxb3 Rxb3 33. Qd2 c3 $19) 31... gxh5
32. Rh1 Bf8 33. Rxh5 (33. Be3 Bg7 34. Bd4 Bxd4 35. Qxd4 Qxc2 $17) 33... Bg7 34.
e5 d5 (34... Bf5 $1 $17) 35. Be3 (35. Rhh1 Bf8 36. Be3 Bb4 37. Qd4 Bxa3 $19)
35... Bf5 {All black pieces are harmoniously cooperating in the attack, white
has achieved nothing at all.} 36. Bd4 Bxc2 37. e6 Bxb1 38. Nxb1 (38. Bxg7 Rxb2
39. exf7+ Kxf7 40. Qf6+ Kg8 41. Qe6+ Kxg7 42. Qe5+ Kf8 43. Qf6+ Ke8 44. Qe6+
Kd8 45. Qf6+ Kd7 46. Qg7+ (46. Qf7+ Kc6 47. Qe6+ Kc7 48. Qe5+ Kb7 49. Qxb2+ Ka8
$19) 46... Kc6 47. Rh6+ Bg6 48. Rxg6+ hxg6 49. Qf6+ Kb7 50. Qxb2+ Ka8 $19)
38... fxe6 0-1

[Event "Moscow Tal Memorial 1st"]
[Site "Moscow"]
[Date "2006.11.14"]
[Round "7"]
[White "Grischuk, Alexander"]
[Black "Shirov, Alexei"]
[Result "1-0"]
[WhiteElo "2710"]
[BlackElo "2720"]
[Annotator "Ftacnik,L"]
[PlyCount "101"]
[EventDate "2006.11.06"]
[EventType "tourn"]
[EventRounds "9"]
[EventCountry "RUS"]
[EventCategory "20"]
[SourceTitle "CBM 116"]
[Source "ChessBase"]
[SourceDate "2007.02.01"]
[SourceVersion "1"]
[SourceVersionDate "2007.02.01"]
[SourceQuality "1"]

1. e4 c5 2. Nf3 Nc6 3. Bb5 e6 4. Bxc6 bxc6 5. d3 Ne7 6. Qe2 Qc7 7. Ng5 e5 (7...
Ng6 8. f4 c4 $5 9. dxc4 Ba6 10. b3 Nxf4 (10... Bc5 11. e5 d5 12. exd6 Bxd6 13.
O-O O-O-O 14. Nc3 Rhe8 15. Nce4 Bf8 16. Nxh7 Bb4 17. a3 Ba5 18. Nhg5 {1-0
Anand,V (2779)-Radjabov,T (2728)/Mainz 2006/ (57)}) 11. Qf3 Qa5+ 12. Bd2 Qxg5
13. Bxf4 Qa5+ 14. Bd2 Qb6 15. Nc3 Be7 {Bauer,Ch-Nataf,I/Besancon/2006/}) ({and
} 7... h6 8. Nh3 g6 9. f4 Bg7 10. c4 e5 11. Nc3 d5 12. O-O O-O 13. g4 exf4 14.
Bxf4 Qd7 15. exd5 cxd5 16. Rae1 Nc6 17. Nxd5 Nd4 18. Qg2 Qxg4 $11 {Ponomariov,
R-Anand,V/Linares/2003/}) 8. f4 {Grischuk rushes the opening of the play,
since the black pieces are somewhat artificially developed.} (8. O-O h6 9. Nh3
g5 $1 10. f3 d6 $15 {Marcelin - Lautier, France 2003}) 8... exf4 9. O-O Ng6 10.
Qh5 d6 (10... h6 $2 11. Nxf7 $1 Kxf7 12. Bxf4 $18) (10... Bd6 11. g3 Ba6 12.
gxf4 Rf8 13. e5 Be7 14. Nc3 O-O-O 15. Nge4 f5 16. Ng5 Bxg5 17. Qxg5 d6 18. Be3
dxe5 19. fxe5 Qxe5 $11 {1-0 Bologan,V (2679)-Lautier,J (2676)/Reykjavik 2004/ 
(46)}) 11. Bxf4 h6 $2 {A serious mistake at the moment, when the defender can
decide between two better continuations. Shirov could have obtained surprising
chances with the help of seemingly risky exchange of the second bishop.} (11...
Be7 12. Nd2 (12. Nxf7 O-O $1 13. Ng5 Bxg5 14. Bxg5 Rxf1+ 15. Kxf1 c4 $15) 12...
Bxg5 13. Qxg5 f6 14. Qg3 Nxf4 15. Qxf4 O-O $11) (11... Nxf4 $5 12. Rxf4 g6 13.
Qf3 (13. Qh4 $2 h6 $1 14. Nxf7 (14. Rxf7 $2 hxg5 $17) 14... Rh7 $1 $17) 13...
Bg7 $1 14. Rxf7 (14. Nd2 $5 O-O $15) 14... Bd4+ 15. Kh1 Qd8 16. Nxh7 Bf5 17.
Rxf5 (17. Rb7 Bd7 $15) 17... gxf5 18. Qh5+ Kd7 19. Qxf5+ Kc7 20. Ng5 $13) 12.
Nxf7 $1 {This positional sacrifice promises to White better play practically
without risk.} Qxf7 13. Bxd6 Qe6 14. Bxf8 (14. Qxc5 $6 Qxd6 15. Rxf8+ Qxf8 16.
Qxc6+ Kd8 17. Qxa8 Qc5+ 18. Kh1 Qxc2 $17) (14. Rxf8+ Rxf8 15. Qxc5 Ne7 $15)
14... Rxf8 15. Nd2 Bd7 16. Qxc5 {Grischuk had no desire to offer his creative
opponent chances to generate counterplay after the long castling.} (16. Nc4
O-O-O 17. Qxc5 Kb8 $13) 16... Qe7 (16... Nf4 17. Kh1 (17. g3 $6 Ne2+ 18. Kh1
Nxg3+ $1 19. hxg3 Qh3+ 20. Kg1 Qxg3+ $11) 17... Qe7 $14) 17. Rxf8+ Kxf8 18.
Rf1+ Kg8 (18... Ke8 19. Qc4 $14) 19. Qxe7 Nxe7 20. Nb3 $1 Rd8 21. Nc5 {White
has managed to locate his knight on the domineering square.} Bc8 22. Kf2 Rf8+
23. Ke2 Rxf1 {The board was offering just one open file, so sooner or later it
would have been necessary to swap the rooks.} (23... Bg4+ 24. Ke1) 24. Kxf1 {
[%mdl 4096]} Ng6 25. b4 Kf7 26. Ke2 Nf4+ 27. Kf3 Ne6 28. Nb3 $1 {[%mdl 1024]
The refusal to exchange the knight looks like a wise decision. White should
advance his pawns and two enemy pieces are suffering from the lack of space
for the manoeuver. Shirov is unable to give up the piece for three pawns, the
concept that could save the game.} Ke7 29. Ke3 Kd6 30. d4 Nc7 31. c4 $1 Be6 32.
Kd3 {White has to play very carefully. The immediate advance of the d pawn
would give Black a chance to fullfil his dream.} (32. d5 $2 cxd5 33. cxd5 Bxd5
$1 34. exd5 Nxd5+ 35. Kd4 Nxb4 $11) 32... Bg8 33. a4 Ne6 34. g3 Ng5 35. Nd2 $1
{Another exact move, otherwise the defender could cleverly give up the piece.}
(35. h4 $6 Bxc4+ 36. Kxc4 Nxe4 $11) 35... a6 36. h4 Nh3 $6 {In a desperate
search for counterplay Shirov is stretching the matter too far. Kasparov
visisted the Tal memorial and remarked: It is even not clear, which one of the
black pieces on g8 or h3 is worse!} (36... Ne6 37. d5 Nc7 38. Kd4 $16) 37. Ke3
$1 g5 38. d5 cxd5 39. exd5 gxh4 40. gxh4 Bh7 {Due to the knight at the edge of
the board the defender can not realistically think about giving up the bishop
for two pawns.} (40... Bxd5 41. cxd5 Kxd5 42. Kf3 Ng1+ (42... Ke5 43. b5 axb5
44. axb5 Kd5 45. Ne4 $1 Ng1+ 46. Kf2 Nh3+ (46... Kxe4 47. b6 $18) 47. Kg3 Ng1
48. Nc3+ Kc5 49. Kg2 $18) 43. Kf2 Nh3+ 44. Ke3 Ng1 45. Nf3 Nh3 (45... Nxf3 46.
Kxf3 Kc4 47. b5 axb5 48. axb5 Kxb5 49. Kg4 $18) 46. Nd4 $1 Kc4 47. b5 axb5 48.
axb5 Kc5 49. Kf3 $1 $18) 41. Ne4+ (41. Kd4 Nf4 42. c5+ Kd7 43. Nc4 $16) 41...
Ke5 {Three connected passed pawns can be stronger than a rook. In case of the
piece swap the knight from f2 would certainly not be able to match them.} (
41... Bxe4 42. Kxe4 Nf2+ 43. Kd4 $18) 42. Nc5 Nf4 43. d6 $1 Ne6 (43... Ng2+ 44.
Kf2 Kxd6 45. Kxg2 Bg8 46. Nxa6 Bxc4 47. Nc5 $18) 44. d7 Nd8 45. Nxa6 Kd6 46.
Nc5 Bg8 47. Kd4 Nc6+ 48. Kc3 {White is already operating with four connected
pawns for the piece, the game is over.} Ke7 49. b5 Ne5 50. b6 Nxd7 51. b7 {
Grischuk was so delighted by his creation, that he declared the game to be his
best ever achievement.} (51. b7 Nb8 52. a5 Kd6 53. a6 Kxc5 54. a7 $18) 1-0

[Event "Grischuk-Grachev m"]
[Site "Playchess.com INT"]
[Date "2006.12.25"]
[Round "?"]
[White "Grachev, Boris V"]
[Black "Grischuk, Alexander"]
[Result "1-0"]
[WhiteElo "2583"]
[BlackElo "2710"]
[PlyCount "95"]
[EventDate "2006.12.25"]
[EventType "match (blitz)"]
[EventRounds "11"]
[EventCountry "GER"]
[SourceTitle "EXT 2008"]
[Source "ChessBase"]
[SourceDate "2007.11.25"]
[SourceVersion "1"]
[SourceVersionDate "2007.11.25"]
[SourceQuality "1"]

1. d4 Nf6 2. c4 c5 3. d5 b5 4. Nd2 bxc4 5. e4 e6 6. dxe6 dxe6 7. e5 Nd5 8. Nxc4
Nc6 9. Nf3 Be7 10. a3 O-O 11. Bd3 Bb7 12. O-O Qc7 13. Qe2 Rad8 14. Bg5 h6 15.
Qe4 f5 16. exf6 Nxf6 17. Bxf6 Bxf6 18. Rfe1 e5 19. Qh7+ Kf7 20. Be4 Rh8 21.
Qg6+ Kf8 22. Rad1 Ne7 23. Qg4 h5 24. Rxd8+ Qxd8 25. Qe6 Bc8 26. Qd6 Qxd6 27.
Nxd6 Bg4 28. Rc1 Bxf3 29. gxf3 g6 30. Rxc5 Kg7 31. Nb7 Rc8 32. b4 Rxc5 33. bxc5
Nc8 34. Bd5 Kf8 35. Be4 g5 36. Na5 Be7 37. Nb3 Bd8 38. a4 Bc7 39. Kf1 Ne7 40.
Ke2 Ng8 41. Kd3 Nf6 42. Kc4 g4 43. Kb5 h4 44. Kc6 gxf3 45. Bxf3 e4 46. Kxc7
exf3 47. c6 Ne4 48. Kd7 1-0

[Event "Grischuk-Grachev m"]
[Site "Playchess.com INT"]
[Date "2006.12.25"]
[Round "?"]
[White "Grachev, Boris V"]
[Black "Grischuk, Alexander"]
[Result "1-0"]
[WhiteElo "2583"]
[BlackElo "2710"]
[PlyCount "77"]
[EventDate "2006.12.25"]
[EventType "match (blitz)"]
[EventRounds "11"]
[EventCountry "GER"]
[SourceTitle "EXT 2008"]
[Source "ChessBase"]
[SourceDate "2007.11.25"]
[SourceVersion "1"]
[SourceVersionDate "2007.11.25"]
[SourceQuality "1"]

1. d4 Nf6 2. c4 c5 3. d5 b5 4. Nd2 bxc4 5. e4 d6 6. Bxc4 g6 7. b3 Bg7 8. Bb2
O-O 9. Ngf3 Bg4 10. Qc2 Nbd7 11. O-O Bxf3 12. Nxf3 Ng4 13. Bxg7 Kxg7 14. Rfe1
Nde5 15. Nd2 Nxc4 16. bxc4 Rb8 17. h3 Ne5 18. f4 Nd7 19. e5 Qa5 20. Nb3 Qc7 21.
Qc3 Kg8 22. Re3 Rb4 23. Rae1 a5 24. Nd2 Qb8 25. h4 Nb6 26. h5 Na4 27. Qd3 Nb2
28. Qc2 Qc8 29. e6 f5 30. hxg6 hxg6 31. Rh3 Kg7 32. Qc3+ Rf6 33. Kf2 Na4 34.
Reh1 Qg8 35. Qg3 Rb2 36. Ke2 Rxa2 37. Qb3 Rxe6+ 38. dxe6 Qxe6+ 39. Re3 1-0